|
|
|
|
| LEADER |
00000naa a2200000uu 4500 |
| 001 |
vtls011096259 |
| 003 |
SK-MaSNL |
| 005 |
20260302111019.0 |
| 008 |
220810|1997 xo |||||||||||||||||cze| |
| 015 |
|
|
|a SNBRA
|
| 035 |
|
|
|a (urnnbn)urn:nbn:sk:snk:ar-a0cukf
|
| 035 |
|
|
|a (uuid)19968fa9-b66f-4d8f-8e42-c0ef56639450
|
| 035 |
|
|
|a urn:nbn:sk:snk-aaw062
|
| 040 |
|
|
|a SNKBUCL
|b slo
|c SNKBUCL
|e AACR2
|
| 041 |
0 |
|
|a cze
|
| 044 |
|
|
|a xo
|c SK
|
| 100 |
1 |
|
|a Mudřík, Z.
|4 aut
|9 787861
|
| 245 |
1 |
0 |
|a VÝSLEDKY TESTACE INTENZITY RŮSTU BACHOROVÝCH MIKROORGAMISMŮ
|c Z. Mudřík, A. Kodeš, J. Krátký, J. Obadálek
|
| 246 |
3 |
|
|a THE TEST RESULTS OF GROWTH RATE OF RUMEN MICRO-ORGANISM
|
| 700 |
1 |
|
|a Kodeš, A.
|4 aut
|9 787862
|
| 700 |
1 |
|
|a Krátký, J.
|4 aut
|9 399107
|
| 700 |
1 |
|
|a Obadálek, J.
|4 aut
|9 787863
|
| 773 |
0 |
|
|t Aktuálne a perspektívne úlohy v chove a šľachtení hospodárskych zvierat : zborník referátov z konferencie s medzinárodnou účasťou poriadanej pri príležitosti 50. výročia založenia ústavu, Nitra, 8. a 9. októbra 1997. 2. časť
|d Nitra : Informa, 1997
|g S. 84-87
|z 8096770020
|
| 954 |
|
|
|a odborná, vedecká literatúra cudzojazyčná (svetová)
|2 lita
|
| 958 |
|
|
|a OND
|
| 958 |
|
|
|a article12
|
| 958 |
|
|
|a chapter
|
| 999 |
|
|
|c 1245895
|d 1247825
|